Statistics for Catan Quiz

Click here to take the quiz!

General Stats

  • This quiz has been taken 18 times
    (3 since last reset)
  • The average score is 11 of 18

Answer Stats

HintAnswer% Correct
An upgraded version of the above item, made with 2 wheatCity
100%
Robber start hex that grants no resourcesDesert
100%
A path made with 1 brick and 1 woodRoad
100%
Catan expansion that adds Ships, the Pirate, and the Gold Fields terrainSeafarers
100%
A village made with 1 brick, 1 sheep, 1 wheat, and 1 woodSettlement
100%
A resource used in Roads and SettlementsBricks
67%
A type of Development Card that can move the RobberKnight
67%
A ResourceSheep
67%
A kind of path made from 1 Sheep and 1 WoodShip
67%
A type of Development Card that brings you closer to successVictory Point
67%
A resourceWheat
67%
A resource used in Roads and SettlementsWood
67%
Terrain that gives you a wildcard resourceGold Fields
33%
Changes maritime trade ratio from 4:1 to 2:1Ports
33%
A ResourceStone
33%
A type of Development Card that can result in increased resourcesProgress
0%
A game by CatanRivals For Catan
0%
A game by CatanStruggle For Catan
0%

Score Distribution

Percentile by Number Answered

Percent of People with Each Score

Your Score History

You have not taken this quiz since the last reset